000 01281cam a2200337Ia 4500
001 5619796
003 ARRUPE
005 20150716174619.0
008 760407s1960 ke bf b f001 0 eng d
029 1 _aNLGGC
_b067147984
029 1 _aNLGGC
_b19852529X
035 _a(OCoLC)ocm02098091
035 _a(NNC)5619796
040 _aCOO
_cCOO
_dCUS
_dOCL
_dOCLCQ
_dZCU
043 _af-ke---
090 _aDT434.E2
_bC64
100 1 _aCorfield, F. D.
_q(Frank D.),
_d1902-
_918351
245 1 4 _aThe origins and growth of Mau Mau :
_ban historical survey /
_c[F.D. Corfield].
260 _aNairobi :
_bColony and Protectorate of Kenya,
_c1960.
300 _aii, 321 p., [1] leaf of plates :
_bfolded map ;
_c25 cm.
490 1 _aSessional paper ;
_vno. 5 of 1959/60
500 _a"Published simultaneously as Command paper no. 1030 to be laid in Parliament [under title: Historical survey of the origins and growth of Mau Mau]."
500 _aCover title.
504 _aIncludes bibliographical references.
610 2 0 _aMau Mau.
_95399
650 0 _aKikuyu (African people)
_913107
651 0 _aKenya
_xPolitics and government
_yTo 1963.
_918352
830 0 _aSessional paper (Kenya. Legislative Council) ;
_v1959/60, no. 5.
_918353
942 _2lcc
_cMONOGRAPH
999 _c122987
_d122987